000 00632pam a2200229 a 4500
001 4313817
005 20180205075345.0
008 870807s1987 nyua b 001 0 eng
010 _a 87022293
020 _a0932633056 (pbk.) :
_c$23.00
020 _z0932633048 :
_c$23.00
040 _aDLC
_cDLC
_dDLC
041 _aeng
080 _a658.314 MAR
082 0 0 _a658.314 MAR
_219
100 1 _a54
101 _aMEN
245 1 0 _aPeopleware :
_cTom DeMarco & Timothy Lister.
504 _aBibliography: p. 179-184.
906 _a7
_bcbc
_corignew
_d1
_eocip
_f19
_gy-gencatlg
942 _2ddc
_cBK
999 _c41792
_d41792